|
|
|
|
| LEADER |
00000nab a2200000 ar4500 |
| 001 |
vtls008408808 |
| 003 |
SK-MaSNL |
| 005 |
20260303070111.0 |
| 008 |
160314c2005 xo mr|p|||||||000 b|slo |
| 015 |
|
|
|a SNBRB2005/11
|2 snkbucl
|
| 038 |
|
|
|a SNKBUCL
|
| 040 |
|
|
|a SNKBUCL
|b slo
|c SNKBUCL
|e AACR2
|
| 041 |
0 |
|
|a slo
|
| 044 |
|
|
|a xo
|c SK
|
| 080 |
|
|
|a 82.09:821.162.4-7
|x (048)
|2 UDC-MRF-SK2
|
| 080 |
|
|
|a 821.162.4-7
|x (048)
|2 UDC-MRF-SK2
|
| 100 |
1 |
|
|a Hašková, Zuzana
|4 aut
|9 715848
|
| 245 |
1 |
0 |
|a Stačí si nasadiť okuliare-
|c Zuzana Hašková
|
| 650 |
0 |
7 |
|a fejtóny, slovenské
|x recenzie
|2 snkbucl
|9 839378
|
| 773 |
0 |
|
|t Knižná revue
|g Roč. XV, č. 16-17 (2005), s. 5
|x 1210-1982
|
| 787 |
0 |
8 |
|i Rec.:
|a Feldeková, Oľga, 1943-
|t Niekedy spávam v okuliaroch, aby som lepšie videla na sen
|d Bratislava : Columbus, 2005
|
| 852 |
|
|
|a SNK
|b KIS3GCP
|
| 958 |
|
|
|a RC
|
| 958 |
|
|
|a LX
|
| 999 |
|
|
|c 1753962
|d 1755892
|